Liste des volcans de la chaîne des Puys - Statistiques

Statistiques générales
  • Ce quiz a été pris 49 fois
  • Le résultat moyen est 6 sur 76
Statistiques - réponses
Réponse % Correct
Puy de Dôme
97%
Puy de Côme
63%
Puy de la Vache
63%
Puy Pariou
50%
Puy de Lassolas
47%
Puy des Goules
38%
Petit puy de Dôme
34%
Grand Suchet
28%
Petit Suchet
28%
Grand Sarcoui
22%
Puy des Gouttes
22%
Puy Chopine
19%
Petit Sarcoui
16%
Puy de Grave Noire
16%
Puy de Jume
13%
Puy de Lemptégy
13%
Puy de Clermont
9%
Gour de Tazenat
6%
Puy de la Coquille
6%
Puy de la Nugère
6%
Le Cliersou
3%
Puy de Beaune
3%
Puy de Chaumont
3%
Puy de Fraisse
3%
Puy de l'Enfer
3%
Puy de l'Espinasse
3%
Puy de Louchadière
3%
Croix Mory
0%
Fallateuf
0%
Puy de Champ Valleix
0%
Le Chalard
0%
Le Grand Sault
0%
Le Petit Sault
0%
Montagne de Laschamps
0%
Narse d'Espinasse
0%
Puy Balmet
0%
Puy de Besace
0%
Puy de Boursoux
0%
Puy de Charmont
0%
Puy de Cocuset
0%
Puy de Couleyras
0%
Puy de Gorce
0%
Puy de la Bannière
0%
Puy de la Combegrasse
0%
Puy de la Gouly
0%
Puy de la Mey
0%
Puy de la Moréno
0%
Puy de la Rodde
0%
Puy de la Toupe
0%
Puy de Mercœur
0%
Puy de Monceau
0%
Puy de Monchier
0%
Puy de Montchal
0%
Puy de Montchar
0%
Puy de Monteillet
0%
Puy de Monténard
0%
Puy de Montgy
0%
Puy de Montiroir
0%
Puy de Montjuger
0%
Puy de Paugnat
0%
Puy de Pourcharet
0%
Puy de Pradet
0%
Puy de Salomon
0%
Puy des Grosmanaux
0%
Puy des Marais
0%
Puy de Ténuzet
0%
Puy de Tressous
0%
Puy de Verrières
0%
Puy de Vichatel
0%
Puy du Thiolet
0%
Puy Fillu
0%
Puy la Baneyre
0%
Puy Pelat
0%
Puy Plantas
0%
Puys de Barme
0%
Suc de Beaunit
0%
Aucun quiz correspondant
Distribution des résultats
% des personnes avec chaque résultat
Percentile par nombre de réponses
Votre historique - résultats
Vous n’avez pas pris ce quiz